Analýza kapitálových vstupov vo vybraných krajinách Európskej únie v období 2004 - 2011 diplomová práca

Guardado en:
Detalles Bibliográficos
Autor principal: Ťažká, Ivana
Autor Corporativo: Fakulta hospodárskej informatiky EU. Katedra štatistiky
Otros Autores: Pardelová, Ružena
Formato: Libro
Lenguaje:eslovaco
Publicado: Bratislava 2014
Etiquetas: Agregar Etiqueta
Sin Etiquetas, Sea el primero en etiquetar este registro!

MARC

LEADER 00000nbm a2200000 4500
001 0188763
005 20170201110316.9
041 0 |a slo 
044 |a SK 
245 1 0 |a Analýza kapitálových vstupov vo vybraných krajinách Európskej únie v období 2004 - 2011  |b diplomová práca  |c Ivana Ťažká ; školiteľ: Ružena Pardelová 
264 1 |a Bratislava  |c 2014 
300 |a 65 s. 
100 1 |a Ťažká, Ivana 
700 1 |a Pardelová, Ružena 
710 2 |a Fakulta hospodárskej informatiky EU. Katedra štatistiky